000 00343nam a22001337a 4500
005 20240722105610.0
008 240722b |||||||| |||| 00| 0 eng d
020 _a0-81551427-1
050 _a1
100 _aYANG WEN-CHING
245 _aFLUIDIZATION SOLIDS HANDLING AND PROCESSING
260 _aNOYES PUBLICATIONS
_c1999
942 _2lcc
_cBK
999 _c210786
_d210786